[Event "Monastir Slama Memorial op"]
[Site "Monastir"]
[Date "2013.09.14"]
[Round "8"]
[White "Baktache, Mohamed Ali"]
[Black "Taieb, Sahbi"]
[Result "1/2-1/2"]
[WhiteElo "2066"]
[BlackElo "2117"]
[PlyCount "42"]
[EventDate "2013.09.09"]
[EventType "swiss"]
[EventRounds "9"]
[EventCountry "TUN"]
[SourceTitle "CBM 156 Extra"]
[Source "ChessBase"]
[SourceDate "2013.10.22"]
[SourceVersion "1"]
[SourceVersionDate "2013.10.22"]
[SourceQuality "1"]

1. e4 d6 2. Nc3 Nf6 3. d4 g6 4. Nf3 Bg7 5. h3 c6 6. a4 0-0 7. Be3 Qa5 8. Qd2 Nbd7 9. Be2 e5 10. 0-0 exd4 11. Nxd4 Nc5 12. Bf3 Re8 13. Rfe1 Bd7 14. Bf4 Bf8 15. e5 dxe5 16. Bxe5 Bg7 17. Bxf6 Bxf6 18. Rxe8+ Rxe8 19. Rd1 Ne6 20. Nxe6 Bxe6 21. Ne4 Qe5 1/2-1/2

[Event "Monastir Slama Memorial op"]
[Site "Monastir"]
[Date "2013.09.12"]
[Round "5"]
[White "Baktache, Mohamed Ali"]
[Black "Jmila, Omar"]
[Result "1/2-1/2"]
[WhiteElo "2066"]
[BlackElo "2098"]
[PlyCount "152"]
[EventDate "2013.09.09"]
[EventType "swiss"]
[EventRounds "9"]
[EventCountry "TUN"]
[SourceTitle "CBM 156 Extra"]
[Source "ChessBase"]
[SourceDate "2013.10.22"]
[SourceVersion "1"]
[SourceVersionDate "2013.10.22"]
[SourceQuality "1"]

1. e4 b6 2. d4 Bb7 3. Bd3 Nf6 4. Qe2 Nc6 5. c3 e5 6. Nf3 exd4 7. cxd4 Nb4 8. Nc3 Nxd3+ 9. Qxd3 Bb4 10. e5 Be4 11. Qe2 Nd5 12. 0-0 Nxc3 13. bxc3 Bxf3 14. Qxf3 Be7 15. Qg3 Kf8 16. f4 f5 17. Qh3 g6 18. g4 fxg4 19. Qh6+ Kg8 20. f5 Bf8 21. Qf4 gxf5 22. Qxf5 Qe8 23. Bg5 Bg7 24. Rf4 Qe6 25. Qe4 d5 26. Qg2 h5 27. Raf1 c6 28. Qc2 Rh7 29. Bf6 Rf8 30. Qg6 Qe8 31. Qg5 Rf7 32. Bxg7 Rhxg7 33. Qxh5 g3 34. h4 g2 35. R1f2 Re7 36. Qxe8+ Rxe8 37. Rxg2 c5 38. Rf6 b5 39. Rc6 cxd4 40. cxd4 a5 41. Rxg7+ Kxg7 42. Rc7+ Kg6 43. Kf2 Kf5 44. Ke3 b4 45. Rf7+ Kg4 46. Rg7+ Kxh4 47. Ra7 Rg8 48. Rxa5 Rg3+ 49. Kd2 Kg4 50. e6 Rg2+ 51. Ke3 Rg3+ 52. Kf2 Rf3+ 53. Ke2 Kf4 54. Rxd5 Re3+ 55. Kd2 Rxe6 56. Kd3 Ra6 57. Rb5 Rxa2 58. Rxb4 Kf5 59. Kc4 Ke6 60. Rb6+ Kd7 61. Rb7+ Kd6 62. Rh7 Ra4+ 63. Kd3 Ra5 64. Ke4 Rg5 65. Rh6+ Kd7 66. Ra6 Rg4+ 67. Kd5 Rg5+ 68. Kc4 Rh5 69. Ra8 Rg5 70. Ra7+ Kd6 71. Ra8 Rh5 72. Rd8+ Kc7 73. Rd5 Rxd5 74. Kxd5 Kd7 75. Ke5 Ke7 76. d5 Kd7 1/2-1/2

[Event "Monastir Slama Memorial op"]
[Site "Monastir"]
[Date "2013.09.12"]
[Round "6"]
[White "Baktache, Mohamed Ali"]
[Black "Mezioud, Amina"]
[Result "1-0"]
[WhiteElo "2066"]
[BlackElo "2023"]
[PlyCount "102"]
[EventDate "2013.09.09"]
[EventType "swiss"]
[EventRounds "9"]
[EventCountry "TUN"]
[SourceTitle "CBM 156 Extra"]
[Source "ChessBase"]
[SourceDate "2013.10.22"]
[SourceVersion "1"]
[SourceVersionDate "2013.10.22"]
[SourceQuality "1"]

1. e4 c5 2. Nc3 Nc6 3. f4 e6 4. Nf3 d5 5. Bb5 Nge7 6. 0-0 d4 7. Nb1 a6 8. Bxc6+ Nxc6 9. d3 Qc7 10. Qe1 Bd7 11. Nbd2 0-0-0 12. Nc4 f6 13. b3 b5 14. Nb2 Bd6 15. a4 Nb4 16. Qd2 Kb7 17. Nd1 h6 18. c3 dxc3 19. Qxc3 Rc8 20. e5 Be7 21. axb5 Bxb5 22. Nf2 Rhd8 23. Rd1 Rd5 24. Ba3 Rcd8 25. Bxb4 cxb4 26. Qe1 Qc3 27. Qe2 Bxd3 28. Nxd3 Rxd3 29. Rdc1 Qxb3 30. Ne1 Qd5 31. Nxd3 Qxd3 32. Qg4 f5 33. Qxg7 Rd7 34. Qg8 Bc5+ 35. Kh1 b3 36. Qxe6 b2 37. Rab1 Ka7 38. Rf1 Be3 39. h3 Bxf4 40. Qc6 Bc1 41. Qc5+ Ka8 42. Rfxc1 bxc1Q+ 43. Rxc1 Qb5 44. Qf8+ Ka7 45. e6 Rd2 46. Qxh6 Qd5 47. Qg7+ Kb6 48. Qc7+ Kb5 49. Qb8+ Ka5 50. Ra1+ Ra2 51. Rxa2+ Qxa2 1-0

[Event "Monastir Slama Memorial op"]
[Site "Monastir"]
[Date "2013.09.10"]
[Round "2"]
[White "Tritar, Kamel"]
[Black "Baktache, Mohamed Ali"]
[Result "1/2-1/2"]
[WhiteElo "2008"]
[BlackElo "2066"]
[PlyCount "66"]
[EventDate "2013.09.09"]
[EventType "swiss"]
[EventRounds "9"]
[EventCountry "TUN"]
[SourceTitle "CBM 156 Extra"]
[Source "ChessBase"]
[SourceDate "2013.10.22"]
[SourceVersion "1"]
[SourceVersionDate "2013.10.22"]
[SourceQuality "1"]

1. d4 Nf6 2. Nf3 e6 3. Bg5 d5 4. e3 Be7 5. Bd3 h6 6. Bh4 b6 7. c3 Bb7 8. Ne5 0-0 9. Nd2 Nfd7 10. Bxe7 Qxe7 11. Ndf3 Nxe5 12. Nxe5 Nd7 13. Nxd7 Qxd7 14. 0-0 a5 15. Qe2 c5 16. f4 f5 17. Kh1 Rf6 18. Rg1 Rg6 19. g4 Rf8 20. gxf5 Rxg1+ 21. Rxg1 exf5 22. Rg6 cxd4 23. cxd4 Kh7 24. Rxb6 Qc7 25. Rb3 Bc8 26. Rc3 Qe7 27. Qc2 Be6 28. Rc7 Qh4 29. Qg2 Rg8 30. Rc6 Qe7 31. Qc2 Kh8 32. Bxf5 Bxf5 33. Qxf5 Qxe3 1/2-1/2

[Event "Monastir Slama Memorial op"]
[Site "Monastir"]
[Date "2013.09.09"]
[Round "1"]
[White "Baktache, Mohamed Ali"]
[Black "Payen, Arnaud"]
[Result "0-1"]
[WhiteElo "2066"]
[BlackElo "2318"]
[PlyCount "146"]
[EventDate "2013.09.09"]
[EventType "swiss"]
[EventRounds "9"]
[EventCountry "TUN"]
[SourceTitle "CBM 156 Extra"]
[Source "ChessBase"]
[SourceDate "2013.10.22"]
[SourceVersion "1"]
[SourceVersionDate "2013.10.22"]
[SourceQuality "1"]

1. e4 Nf6 2. e5 Nd5 3. d4 d6 4. Nf3 Bg4 5. Be2 e6 6. 0-0 Be7 7. h3 Bh5 8. c4 Nb6 9. exd6 cxd6 10. Nc3 0-0 11. a4 d5 12. c5 Nc8 13. b4 Bxf3 14. Bxf3 a6 15. Bf4 Nc6 16. Rb1 Bf6 17. Ne2 N8e7 18. b5 axb5 19. axb5 Na5 20. Ng3 Nc4 21. Be2 Ng6 22. Bc1 Ra2 23. Qb3 Qa5 24. Bxc4 dxc4 25. Qxc4 Ra4 26. Qe2 Bxd4 27. Bd2 Qc7 28. Be3 Qxc5 29. Bxd4 Rxd4 30. b6 Qd5 31. Qb5 Qxb5 32. Rxb5 Rfd8 33. Ne2 Rd3 34. Kh2 Kf8 35. g3 Ne7 36. Kg2 R3d6 37. Nc3 Rc6 38. Ne4 Rd5 39. Rfb1 h6 40. R5b3 f5 41. Nc3 Rd3 42. Na4 Rxb3 43. Rxb3 Nd5 44. Rb5 Ke7 45. Nc5 Nc3 46. Ra5 Rxb6 47. Ra7 Nb5 48. Rxb7+ Rxb7 49. Nxb7 g5 50. Nc5 Kd6 51. Nd3 Kd5 52. Ne1 Nd4 53. f3 Nc6 54. Kf2 Kd4 55. Nc2+ Kd3 56. Ne1+ Kd2 57. f4 Nd4 58. fxg5 hxg5 59. h4 f4 60. h5 fxg3+ 61. Kg2 Nf5 62. Nf3+ Ke3 63. Nxg5 e5 64. Nf3 e4 65. Ng5 Kf4 66. Nxe4 Kxe4 67. h6 Kf4 68. h7 Nh4+ 69. Kg1 Ng6 70. Kg2 Kg4 71. Kg1 Kf3 72. Kf1 g2+ 73. Kg1 Nf4 0-1